British Standards: Specification for large incinerators for the destruction of hospital waste (Record no. 73060)

MARC details
000 -LEADER
fixed length control field 00458nam a2200145Ia 4500
245 #0 - TITLE STATEMENT
Title British Standards: Specification for large incinerators for the destruction of hospital waste
260 ## - PUBLICATION, DISTRIBUTION, ETC. (IMPRINT)
Place of publication London
260 ## - PUBLICATION, DISTRIBUTION, ETC. (IMPRINT)
Year of publication 1973
Name of publisher British Standards Institution
490 ## - SERIES STATEMENT
Series statement British Standards
500 ## - GENERAL NOTE
General note Standard number: BS 3316
650 ## - SUBJECT ADDED ENTRY--TOPICAL TERM
Topical Term Hospital waste destruction
650 ## - SUBJECT ADDED ENTRY--TOPICAL TERM
Topical Term Incinerator
942 ## - ADDED ENTRY ELEMENTS (KOHA)
Koha item type Standards
Holdings
Withdrawn status Lost status Damaged status Not for loan Home library Current library Date acquired Koha item type
      Standards RRII Library RRII Library 31/12/2021 Standards